000 00669nam a22002297a 4500
001 25567
003 BD-RjUL
005 20211209050910.0
008 140318s1972 ii 001 0 eng d
020 _a706900863
035 _a(BD-RjUL)25637
040 _aBD-RjUL
_beng
_cBD-RjUL
041 _aeng
082 0 4 _a950
_bASI 1972
245 1 _aAsian states and the development of universal international law/
_cedited by R P Anand
260 _aDelhi :
_bVikas Publications,
_c1972.
300 _axxxii, 245 p. ;
_c23 cm.
504 _aIncludes index.
650 0 0 _aInternational law
_978615
650 0 0 _aInternational law
_xHistory.
_zIndia
_978616
942 _2ddc
_cBK
999 _c25567
_d25567